Illicit drug use, illicit drug use disorders, and drug overdose deaths in metropolitan and nonmetropolitan areas - United States

Saved in:  
Bibliographic Details
Authors: Mack, Karin A. (Author) ; Ballesteros, Michael F. (Author) ; Jones, Christopher M. (Author)
Format: Electronic Article
Language:English
Published: 2017
In: Transplantation
Year: 2017, Volume: 17, Issue: 12, Pages: 3241-3252
Online Access: Volltext (kostenfrei)
Check availability: HBZ Gateway

MARC

LEADER 00000caa a22000002c 4500
001 1912580624
003 DE-627
005 20250115055003.0
007 cr uuu---uuuuu
008 241217s2017 xx |||||o 00| ||eng c
024 7 |a 10.1111/ajt.14555  |2 doi 
035 |a (DE-627)1912580624 
035 |a (DE-599)KXP1912580624 
040 |a DE-627  |b ger  |c DE-627  |e rda 
041 |a eng 
084 |a 2,1  |2 ssgn 
100 1 |a Mack, Karin A.  |e VerfasserIn  |4 aut 
245 1 0 |a Illicit drug use, illicit drug use disorders, and drug overdose deaths in metropolitan and nonmetropolitan areas - United States 
264 1 |c 2017 
336 |a Text  |b txt  |2 rdacontent 
337 |a Computermedien  |b c  |2 rdamedia 
338 |a Online-Ressource  |b cr  |2 rdacarrier 
700 1 |a Ballesteros, Michael F.  |e VerfasserIn  |4 aut 
700 1 |a Jones, Christopher M.  |e VerfasserIn  |4 aut 
773 0 8 |i Enthalten in  |t Transplantation  |d Hagerstown, Md. : Lippincott Williams & Wilkins, 1963  |g 17(2017), 12, Seite 3241-3252  |h Online-Ressource  |w (DE-627)32529738X  |w (DE-600)2035395-9  |w (DE-576)097188794  |x 1534-6080  |7 nnas 
773 1 8 |g volume:17  |g year:2017  |g number:12  |g pages:3241-3252 
787 0 8 |i Forschungsdaten  |a United States Department of Health and Human Services. Substance Abuse and Mental Health Services Administration. Center for Behavioral Health Statistics and Quality  |t National Survey on Drug Use and Health, 2014  |d [Erscheinungsort nicht ermittelbar] : [Verlag nicht ermittelbar], 2016  |w (DE-627)1840044713 
787 0 8 |i Forschungsdaten  |a United States Department of Health and Human Services. Substance Abuse and Mental Health Services Administration. Center for Behavioral Health Statistics and Quality  |t National Survey on Drug Use and Health, 2013  |d [Erscheinungsort nicht ermittelbar] : [Verlag nicht ermittelbar], 2014  |w (DE-627)1840045191 
787 0 8 |i Forschungsdaten  |a United States Department of Health and Human Services. Substance Abuse and Mental Health Services Administration. Center for Behavioral Health Statistics and Quality  |t National Survey on Drug Use and Health, 2012  |d [Erscheinungsort nicht ermittelbar] : [Verlag nicht ermittelbar], 2013  |w (DE-627)1840045205 
787 0 8 |i Forschungsdaten  |a United States Department of Health and Human Services. Substance Abuse and Mental Health Services Administration. Center for Behavioral Health Statistics and Quality  |t National Survey on Drug Use and Health, 2011  |d [Erscheinungsort nicht ermittelbar] : [Verlag nicht ermittelbar], 2012  |w (DE-627)1840045213 
787 0 8 |i Forschungsdaten  |a United States Department of Health and Human Services. Substance Abuse and Mental Health Services Administration. Center for Behavioral Health Statistics and Quality  |t National Survey on Drug Use and Health, 2010  |d [Erscheinungsort nicht ermittelbar] : [Verlag nicht ermittelbar], 2011  |w (DE-627)1840045221 
787 0 8 |i Forschungsdaten  |a United States Department of Health and Human Services. Substance Abuse and Mental Health Services Administration. Office of Applied Studies  |t National Survey on Drug Use and Health, 2009  |d [Erscheinungsort nicht ermittelbar] : [Verlag nicht ermittelbar], 2010  |w (DE-627)184004523X 
787 0 8 |i Forschungsdaten  |a United States Department of Health and Human Services. Substance Abuse and Mental Health Services Administration. Office of Applied Studies  |t National Survey on Drug Use and Health, 2008  |d [Erscheinungsort nicht ermittelbar] : [Verlag nicht ermittelbar], 2009  |w (DE-627)1840045248 
787 0 8 |i Forschungsdaten  |a United States Department of Health and Human Services. Substance Abuse and Mental Health Services Administration. Office of Applied Studies  |t National Survey on Drug Use and Health, 2007  |d [Erscheinungsort nicht ermittelbar] : [Verlag nicht ermittelbar], 2008  |w (DE-627)1840045256 
787 0 8 |i Forschungsdaten  |a United States Department of Health and Human Services. Substance Abuse and Mental Health Services Administration. Office of Applied Studies  |t National Survey on Drug Use and Health, 2006  |d [Erscheinungsort nicht ermittelbar] : [Verlag nicht ermittelbar], 2007  |w (DE-627)1840048182 
787 0 8 |i Forschungsdaten  |a United States Department of Health and Human Services. Substance Abuse and Mental Health Services Administration. Office of Applied Studies  |t National Survey on Drug Use and Health, 2005  |d [Erscheinungsort nicht ermittelbar] : [Verlag nicht ermittelbar], 2006  |w (DE-627)1840045264 
787 0 8 |i Forschungsdaten  |a United States Department of Health and Human Services. Substance Abuse and Mental Health Services Administration. Office of Applied Studies  |t National Survey on Drug Use and Health, 2004  |d [Erscheinungsort nicht ermittelbar] : [Verlag nicht ermittelbar], 2006  |w (DE-627)1840045272 
787 0 8 |i Forschungsdaten  |a United States Department of Health and Human Services. Substance Abuse and Mental Health Services Administration. Office of Applied Studies  |t National Survey on Drug Use and Health, 2003  |d [Erscheinungsort nicht ermittelbar] : [Verlag nicht ermittelbar], 2004  |w (DE-627)1840045280 
856 |u https://onlinelibrary.wiley.com/doi/pdfdirect/10.1111/ajt.14555  |x unpaywall  |z Vermutlich kostenfreier Zugang  |h publisher [deprecated] 
856 4 0 |u https://doi.org/10.1111/ajt.14555  |x Resolving-System  |z kostenfrei  |3 Volltext  |7 0 
935 |a mkri 
951 |a AR 
ELC |a 1 
LOK |0 000 xxxxxcx a22 zn 4500 
LOK |0 001 4637546125 
LOK |0 003 DE-627 
LOK |0 004 1912580624 
LOK |0 005 20241217044545 
LOK |0 008 241217||||||||||||||||ger||||||| 
LOK |0 035   |a (DE-2619)ICPSR135219 
LOK |0 040   |a DE-2619  |c DE-627  |d DE-2619 
LOK |0 092   |o n 
LOK |0 852   |a DE-2619 
LOK |0 852 1  |9 00 
LOK |0 935   |a nacp 
LOK |0 939   |a 17-12-24  |b l01 
OAS |a 1 
ORI |a SA-MARC-krimdoka001.raw